Lebron James quiz - Statistics

General Stats
  • This quiz has been taken 632 times
  • The average score is 6 of 15
Answer Stats
Hint Answer % Correct
Nickname King James
88%
Round drafted ? 1
75%
Draft pick ? 1
75%
Finals appearances 4
72%
Championship Rings? 2
71%
2nd team Heat
65%
This year I'm takin' my talents to..... South Beach
60%
Heart of a.... Lion
52%
High school? St vincent - St Mary's
18%
Who was his last loss before he switched teams the first time Boston Celtics
6%
1st team Caveliers
6%
Big Three # 1 Dwayne Wade and Chris Bosh
5%
Big three # 2 Kyrie Irving and Kevin Love
5%
Who has he lost to in the finals Mavericks and Spurs
3%
Who has he beat in the finals Thunder and Spurs
3%
No matching quizzes found
Score Distribution
Percent of People with Each Score
Percentile by Number Answered
Your Score History
You have not taken this quiz